Former Communist Countries - Statistics

General Stats
  • This quiz has been taken 113 times
  • The average score is 30 of 40
Answer Stats
Answer % Correct
Russia
99%
Estonia
95%
Latvia
94%
Lithuania
94%
Ukraine
93%
Czech Republic
91%
Poland
91%
Serbia
91%
Slovenia
91%
Croatia
90%
Kazakhstan
90%
Slovakia
90%
Uzbekistan
90%
Romania
89%
Belarus
88%
Tajikistan
88%
Turkmenistan
88%
Bulgaria
86%
North Macedonia
86%
Albania
85%
Armenia
85%
Hungary
85%
Kyrgyzstan
85%
Bosnia and Herzegovina
84%
Azerbaijan
82%
Georgia
82%
Moldova
82%
Montenegro
81%
Germany
80%
Mongolia
70%
Afghanistan
66%
Angola
55%
Cambodia
55%
Congo
45%
Mozambique
45%
Somalia
38%
Yemen
34%
Benin
33%
Eritrea
29%
Madagascar
12%
No matching quizzes found
Score Distribution
Percent of People with Each Score
Percentile by Number Answered
Your Score History
You have not taken this quiz